American history and contemporary Hollywood film (Record no. 244386)

MARC details
000 -LEADER
fixed length control field 00777nam a2200229Ia 4500
008 - FIXED-LENGTH DATA ELEMENTS--GENERAL INFORMATION
fixed length control field 191130s2005##################000#0#eng##
020 ## - INTERNATIONAL STANDARD BOOK NUMBER
ISBN 9780748614905
082 ## - DEWEY DECIMAL CLASSIFICATION NUMBER
Classification number 791.43658 MCC
100 ## - MAIN ENTRY--AUTHOR NAME
Personal name McCrisken, Trevor B
245 ## - TITLE STATEMENT
Title American history and contemporary Hollywood film
Statement of responsibility, etc Trevor B. McCrisken and Andrew Pepper
260 ## - PUBLICATION, DISTRIBUTION, ETC. (IMPRINT)
Place of publication Edinburgh
Name of publisher Edinburgh University Press
Year of publication 2005
300 ## - PHYSICAL DESCRIPTION
Number of Pages xii, 227 p. ; 24 cm.
500 ## - GENERAL NOTE
General note Includes bibliographical references (p. 211-215) and index
650 ## - SUBJECT ADDED ENTRY--TOPICAL TERM
Topical Term Historical films - United States - History and criticism
Topical Term Motion pictures and history
700 ## - ADDED ENTRY--PERSONAL NAME
Personal name Pepper, Andrew
991 ## -
-- 361164
Holdings
Withdrawn status Lost status Damaged status Not for loan Home library Current library Shelving location Date acquired Full call number Accession Number Price effective from Koha item type
        Anna Centenary Library Anna Centenary Library 6TH FLOOR, B WING 13.10.2020 791.43658 MCC 372613 13.10.2020 English Books

Find us on the map